[Event "Reykjavik Open 2009"]
[Site "Reykjavik"]
[Date "2009.03.24"]
[Round "1.39"]
[White "Kjartansson, Gudmundur"]
[Black "Sigurjonsson, Siguringi"]
[Result "1-0"]
[WhiteElo "2365"]
[BlackElo "1904"]
[PlyCount "97"]
[EventDate "2009.03.24"]

1. c4 d6 2. Nc3 e5 3. g3 Nc6 4. Bg2 f5 5. d3 Nf6 6. Nf3 Be7 7. O-O O-O 8. Rb1
Nd4 9. Nxd4 exd4 10. Nd5 Nxd5 11. cxd5 Bd7 12. b4 Qe8 13. Qb3 Rc8 14. b5 Bf6
15. Re1 Kh8 16. Qb4 Qe5 17. f4 Qe7 18. Bb2 Qe3+ 19. Kf1 h5 20. Bf3 h4 21. Kg2
Rg8 22. Bc1 Qe8 23. gxh4 Bxh4 24. Rg1 Bf6 25. Kh1 g6 26. Rg3 Rg7 27. Bd2 Qe7
28. Rbg1 Rcg8 29. Bc1 Be8 30. a4 Rh7 31. R1g2 Rh6 32. Qc4 Rg7 33. Bb2 Qe3 34.
Bc1 Qe7 35. Bb2 Qe3 36. Bh5 Qe7 37. Bf3 Qe3 38. Qc1 Qe7 39. Qg1 Rh4 40. Bxd4
Rxf4 41. Bxf6 Qxf6 42. Qxa7 Qa1+ 43. Rg1 Qxa4 44. Qb8 Qxb5 45. Rxg6 Rxg6 46.
Rxg6 Kh7 47. Rg3 Qd7 48. Bh5 Rg4 49. Rxg4 1-0

[Event "Reykjavik Open 2009"]
[Site "Reykjavik"]
[Date "2009.03.24"]
[Round "1.40"]
[White "Magnusson, Patrekur Maron"]
[Black "Gislason, Gudmundur"]
[Result "1/2-1/2"]
[WhiteElo "1902"]
[BlackElo "2351"]
[PlyCount "107"]
[EventDate "2009.03.24"]

1. e4 c5 2. Nf3 d6 3. d4 cxd4 4. Nxd4 Nf6 5. Nc3 a6 6. Bg5 Nbd7 7. f4 h6 8.
Bxf6 Nxf6 9. h3 e5 10. fxe5 dxe5 11. Nf3 Qb6 12. Qd2 Bb4 13. Bd3 Be6 14. a3 Bd6
15. O-O-O Rc8 16. g4 Rc6 17. g5 Nh5 18. Nd5 Bxd5 19. exd5 Rc7 20. Rhe1 Re7 21.
Qc3 hxg5 22. Nxe5 O-O 23. Nc4 Qd8 24. Nxd6 Rxe1 25. Rxe1 Qxd6 26. Qe5 Qh6 27.
Kb1 Nf4 28. Bc4 b5 29. Bb3 Rd8 30. Qc7 Qf6 31. d6 Rxd6 32. Re8+ Kh7 33. Bxf7
Nd5 34. Bg8+ Kh6 35. Qxd6 Qxd6 36. Re6+ Qxe6 37. Bxe6 Nf4 38. Bc8 a5 39. Bd7 b4
40. axb4 axb4 41. Bg4 Nd5 42. Ka2 Ne3 43. Kb3 Kg6 44. Kxb4 Nxc2+ 45. Kc3 Ne3
46. Kd4 Nc2+ 47. Kc5 Kf6 48. Bd1 Ne3 49. Ba4 g4 50. hxg4 Nxg4 51. b4 Ne5 52. b5
Ke7 53. b6 Nd7+ 54. Bxd7 1/2-1/2

[Event "Reykjavik Open 2009"]
[Site "Reykjavik"]
[Date "2009.03.24"]
[Round "1.41"]
[White "Carlhammar, Magnus"]
[Black "Eiriksson, Vikingur Fjalar"]
[Result "1-0"]
[WhiteElo "2350"]
[BlackElo "1882"]
[PlyCount "83"]
[EventDate "2009.03.24"]

1. Nf3 Nf6 2. g3 g6 3. Bg2 Bg7 4. O-O O-O 5. c4 d6 6. Nc3 e5 7. d3 Re8 8. Rb1
Nbd7 9. e4 c5 10. h3 h6 11. Be3 Nf8 12. b4 Ne6 13. bxc5 Nxc5 14. Qd2 Kh7 15.
Ne1 Nh5 16. Kh2 Ne6 17. Nc2 b6 18. a4 Bd7 19. a5 bxa5 20. Rb7 Nc5 21. Bxc5 dxc5
22. Nd5 Bc6 23. Rxf7 Bxd5 24. cxd5 Qb6 25. Ne3 Kg8 26. Nc4 Qb4 27. Rc7 Rec8 28.
Rxc8+ Rxc8 29. Qa2 Qc3 30. Rd1 Rb8 31. Qxa5 Qxa5 32. Nxa5 Rb2 33. Kg1 Nf6 34.
Nc4 Rb3 35. Bf1 Nd7 36. Ra1 Rb7 37. Nd6 Rc7 38. Nb5 Rb7 39. Nxa7 Nb8 40. h4 Bf8
41. Bh3 c4 42. dxc4 1-0

[Event "Reykjavik Open 2009"]
[Site "Reykjavik"]
[Date "2009.03.24"]
[Round "1.43"]
[White "Vernay, Clovis"]
[Black "Gudmundsdottir, Geirthrudur Ann"]
[Result "1-0"]
[WhiteElo "2339"]
[BlackElo "1775"]
[PlyCount "39"]
[EventDate "2009.03.24"]

1. d4 d5 2. c4 c6 3. e3 Nf6 4. Nf3 e6 5. Bd3 Nbd7 6. O-O Be7 7. Nbd2 O-O 8. e4
dxe4 9. Nxe4 Nxe4 10. Bxe4 Nf6 11. Bc2 h6 12. Qe2 c5 13. b3 Qc7 14. Bb2 Re8 15.
Rad1 b6 16. d5 exd5 17. Bxf6 gxf6 18. cxd5 Bd7 19. Qd3 f5 20. d6 1-0

[Event "Reykjavik Open 2009"]
[Site "Reykjavik"]
[Date "2009.03.24"]
[Round "1.44"]
[White "Rombaldoni, Axel"]
[Black "Johannsdottir, Johanna Bjorg"]
[Result "1-0"]
[WhiteElo "2309"]
[BlackElo "1724"]
[PlyCount "33"]
[EventDate "2009.03.24"]

1. e4 c5 2. Nf3 e6 3. d4 cxd4 4. Nxd4 a6 5. Bd3 Qc7 6. O-O Nf6 7. Qe2 d6 8. c4
Nbd7 9. f4 b6 10. Nc3 Bb7 11. f5 exf5 12. Nxf5 g6 13. Nd5 Qd8 14. Nxf6+ Qxf6
15. Nh6 Qh4 16. Nxf7 h6 17. Nxh8 1-0

[Event "Reykjavik Open 2009"]
[Site "Reykjavik"]
[Date "2009.03.24"]
[Round "1.46"]
[White "Thorsteinsson, Thorsteinn"]
[Black "Finnbogadottir, Tinna Kristin"]
[Result "1-0"]
[WhiteElo "2288"]
[BlackElo "1660"]
[PlyCount "37"]
[EventDate "2009.03.24"]

1. d4 d5 2. c4 c6 3. Nf3 Nf6 4. Qc2 e6 5. Bf4 Nbd7 6. e3 Be7 7. Nc3 O-O 8. cxd5
exd5 9. Bd3 h6 10. h3 Ne8 11. O-O Ndf6 12. Ne5 Bd6 13. Bh2 Nc7 14. Kh1 Ne6 15.
f4 g5 16. fxg5 hxg5 17. g4 Bxe5 18. Bxe5 Ne8 19. Bh7# 1-0

[Event "Reykjavik Open 2009"]
[Site "Reykjavik"]
[Date "2009.03.24"]
[Round "1.48"]
[White "Gretarsson, Hjorvar Steinn"]
[Black "Gasanova, Ulker"]
[Result "1-0"]
[WhiteElo "2279"]
[BlackElo "1646"]
[PlyCount "81"]
[EventDate "2009.03.24"]

1. c4 e6 2. Nc3 d5 3. d4 Nf6 4. cxd5 exd5 5. Bg5 Be7 6. e3 Bf5 7. Bd3 Bxd3 8.
Qxd3 c6 9. Nge2 Nbd7 10. f3 O-O 11. O-O Re8 12. Rae1 Qc7 13. e4 Nb6 14. e5 Nfd7
15. Bxe7 Rxe7 16. Ng3 g6 17. f4 a6 18. f5 c5 19. e6 c4 20. Qf3 Nf8 21. fxg6
hxg6 22. exf7+ Rxf7 23. Qg4 Rxf1+ 24. Nxf1 Qf7 25. Ne3 Re8 26. Rf1 Qg7 27.
Nexd5 Nxd5 28. Nxd5 Nh7 29. Nc7 Rf8 30. Qe6+ Kh8 31. Qe5 Rxf1+ 32. Kxf1 Qxe5
33. dxe5 Kg8 34. Ke2 Kf7 35. Ke3 Ke7 36. Kd4 Kd7 37. Nd5 Ke6 38. h4 Nf8 39. g4
Nd7 40. Nf4+ Ke7 41. Nxg6+ 1-0

[Event "Reykjavik Open 2009"]
[Site "Reykjavik"]
[Date "2009.03.24"]
[Round "1.53"]
[White "Gunnarsson, Jon Viktor"]
[Black "Andrason, Pall"]
[Result "1-0"]
[WhiteElo "2463"]
[BlackElo "1564"]
[PlyCount "43"]
[EventDate "2009.03.24"]

1. e4 c5 2. Nf3 Nc6 3. Bb5 g6 4. Bxc6 dxc6 5. d3 Bg7 6. h3 e6 7. Nc3 b6 8. e5
Ne7 9. Ne4 Qc7 10. Nd6+ Kf8 11. Ng5 Bxe5 12. Ndxf7 Rg8 13. O-O Rg7 14. Qf3 Ke8
15. Re1 Bd6 16. Qf6 Nf5 17. Nxd6+ Nxd6 18. Nxe6 Bxe6 19. Rxe6+ Re7 20. Bg5 Rxe6
21. Qxe6+ Kf8 22. Bh6+ 1-0

[Event "Reykjavik Open 2009"]
[Site "Reykjavik"]
[Date "2008.03.24"]
[Round "1"]
[White "Areshchenko, Alexander"]
[Black "Karlovich, Anastazia"]
[Result "1-0"]
[WhiteElo "2673"]
[BlackElo "2251"]
[PlyCount "69"]
[EventDate "2008.03.24"]

1. e4 e5 2. Nf3 Nc6 3. Bb5 a6 4. Ba4 d6 5. O-O Nge7 6. c3 Bd7 7. d4 Ng6 8. d5
Nb8 9. Bxd7+ Qxd7 10. Qb3 b6 11. a4 Be7 12. a5 Qd8 13. axb6 cxb6 14. Na3 Nd7
15. Nc4 O-O 16. Be3 Qc7 17. Nfd2 Rfb8 18. Ra3 f5 19. exf5 Nh4 20. f6 gxf6 21.
f4 Kh8 22. fxe5 dxe5 23. d6 Bxd6 24. Nxd6 Qxd6 25. Qc4 Ng6 26. Ne4 Qe7 27. Rxa6
Rxa6 28. Qxa6 Qe6 29. Ng3 Qd5 30. Qe2 Nh4 31. Rd1 Qc6 32. Rd2 Nc5 33. Qc4 Qa4
34. Qf7 Qc6 35. Bh6 1-0

[Event "Reykjavik Open 2009"]
[Site "Reykjavik"]
[Date "2008.03.24"]
[Round "1.4"]
[White "Moskow, Eric"]
[Black "Hillarp Persson, Tiger"]
[Result "0-1"]
[WhiteElo "2225"]
[BlackElo "2586"]
[PlyCount "90"]
[EventDate "2008.03.24"]

1. c4 e6 2. g3 Nf6 3. Bg2 d5 4. Nf3 Be7 5. O-O O-O 6. b3 a5 7. Nc3 d4 8. Nb5 c5
9. d3 Nc6 10. Bf4 Ne8 11. Ne5 Nb4 12. a3 Na6 13. Nf3 f6 14. Bd2 e5 15. Qe1 Nb8
16. b4 Nc6 17. bxa5 f5 18. Qb1 Nf6 19. Ne1 h6 20. e3 dxe3 21. Bxe3 Kh8 22. Nc3
Bd6 23. Qb6 Rxa5 24. Qxd8 Rxd8 25. Bxc6 bxc6 26. Bd2 Ra7 27. f4 Bc7 28. Rf2 e4
29. Re2 Ba6 30. h3 exd3 31. Re6 Bxc4 32. Rxc6 Bd5 33. Nxd5 Rxd5 34. Nf3 Ne4 35.
Kg2 Rd6 36. Rxd6 Bxd6 37. Be3 Ra5 38. g4 fxg4 39. hxg4 Ra4 40. Nh4 c4 41. Kf3
c3 42. Nf5 Bc5 43. g5 c2 44. gxh6 g6 45. Ng3 Nxg3 0-1

[Event "Reykjavik Open 2009"]
[Site "Reykjavik"]
[Date "2008.03.24"]
[Round "1.5"]
[White "Maze, Sebastien"]
[Black "Thorhallsson, Gylfi"]
[Result "1-0"]
[WhiteElo "2579"]
[BlackElo "2219"]
[PlyCount "56"]
[EventDate "2008.03.24"]

1. e4 c5 2. Nf3 d6 3. c3 Nf6 4. h3 e6 5. Bd3 Be7 6. Bc2 Nc6 7. O-O O-O 8. d4
cxd4 9. cxd4 e5 10. Nc3 Bd7 11. d5 Nb4 12. Bb1 a5 13. a3 Na6 14. Be3 b5 15. Bd3
Qb8 16. Qe2 b4 17. Nb1 Nc7 18. Nbd2 Rc8 19. Nc4 Na6 20. Ncxe5 dxe5 21. Bxa6
Rxa6 22. Qxa6 a4 23. Qb6 Nxe4 24. Qxb8 Rxb8 25. Nxe5 Bf5 26. Nc6 Rb7 27. Nxe7+
Rxe7 28. axb4 Bc8 1-0

[Event "Reykjavik Open 2009"]
[Site "Reykjavik"]
[Date "2008.03.24"]
[Round "1.6"]
[White "Bjarnason, Saevar"]
[Black "Gupta, Abhijeet"]
[Result "1/2-1/2"]
[WhiteElo "2211"]
[BlackElo "2569"]
[PlyCount "52"]
[EventDate "2008.03.24"]

1. d4 Nf6 2. c4 g6 3. Nc3 d5 4. Nf3 Bg7 5. Bg5 Ne4 6. cxd5 Nxg5 7. Nxg5 e6 8.
Nf3 exd5 9. b4 c6 10. e3 O-O 11. Bd3 Be6 12. O-O Nd7 13. Rc1 Qe7 14. Qb3 Rfc8
15. Qb1 a5 16. bxa5 Rcb8 17. a6 bxa6 18. Qc2 c5 19. dxc5 Qxc5 20. Ne2 Qd6 21.
Ned4 Bg4 22. Qc7 Qxc7 23. Rxc7 Rb2 24. h3 Bxf3 25. Nxf3 Nf8 26. Rc2 Ne6 1/2-1/2

[Event "Reykjavik Open 2009"]
[Site "Reykjavik"]
[Date "2008.03.24"]
[Round "1.7"]
[White "Stefansson, Hannes"]
[Black "Thorsson, Olafur"]
[Result "1-0"]
[WhiteElo "2563"]
[BlackElo "2199"]
[PlyCount "85"]
[EventDate "2008.03.24"]

1. d4 Nf6 2. c4 g6 3. Nc3 Bg7 4. e4 d6 5. h3 O-O 6. Bg5 h6 7. Be3 e5 8. d5 Na6
9. Bd3 c6 10. Qd2 Nc5 11. Bc2 cxd5 12. cxd5 b5 13. b4 Na4 14. Bxa4 bxa4 15.
Bxh6 Qb6 16. Bxg7 Kxg7 17. Rb1 Bd7 18. Nge2 Rfc8 19. Qd3 Rab8 20. a3 Bb5 21.
Nxb5 Qxb5 22. Qxb5 Rxb5 23. f3 a5 24. Kd2 axb4 25. Rxb4 Rxb4 26. axb4 Nd7 27.
Kd3 Nb6 28. Rc1 Ra8 29. Nc3 a3 30. Ra1 f5 31. Nb5 fxe4+ 32. fxe4 a2 33. Nc3 Ra3
34. Rxa2 Rb3 35. b5 Rb4 36. Kc2 Nc4 37. g3 Kf6 38. Ra6 Ke7 39. h4 Kd7 40. Ra7+
Kc8 41. Rg7 Na3+ 42. Kd3 Rb3 43. Rxg6 1-0

[Event "Reykjavik Open 2009"]
[Site "Reykjavik"]
[Date "2008.03.24"]
[Round "1.8"]
[White "Zak, Uri"]
[Black "Marin, Mihail"]
[Result "1/2-1/2"]
[WhiteElo "2198"]
[BlackElo "2556"]
[PlyCount "65"]
[EventDate "2008.03.24"]

1. e4 d6 2. d4 Nf6 3. Nc3 g6 4. Nge2 Bg7 5. h3 O-O 6. g4 e5 7. Bg2 c6 8. Be3 b5
9. dxe5 dxe5 10. Bc5 Qxd1+ 11. Rxd1 Re8 12. g5 Nfd7 13. Bd6 Na6 14. Nc1 Ndc5
15. Nb3 Nb7 16. a4 Nxd6 17. Rxd6 Bf8 18. Rxc6 Nb4 19. axb5 Nxc6 20. Nd5 Re6 21.
Nc7 Rb8 22. Nxe6 Bxe6 23. bxc6 a5 24. O-O a4 25. c7 Rb7 26. Rc1 h6 27. Nd2 Rxc7
28. Nf3 hxg5 29. Nxe5 Bg7 30. Nd3 Bh6 31. Ra1 Rxc2 32. Rxa4 Rd2 33. Bf1 1/2-1/2

[Event "Reykjavik Open 2009"]
[Site "Reykjavik"]
[Date "2009.03.25"]
[Round "2.9"]
[White "Lagerman, Robert"]
[Black "Leon Hoyos, Manuel"]
[Result "0-1"]
[WhiteElo "2368"]
[BlackElo "2542"]
[PlyCount "80"]
[EventDate "2009.03.24"]

1. e4 c5 2. Nf3 Nc6 3. d4 cxd4 4. Nxd4 g6 5. c4 Nf6 6. Nc3 d6 7. Be2 Nxd4 8.
Qxd4 Bg7 9. O-O O-O 10. Qd3 a5 11. Be3 a4 12. Rac1 Qa5 13. Bd4 Be6 14. Nd5 Bxd5
15. cxd5 Nd7 16. Bxg7 Kxg7 17. Qd4+ Kg8 18. Rc3 Rfc8 19. Rfc1 Rc5 20. Rxc5 Nxc5
21. h4 Nd7 22. h5 Nf6 23. h6 Qd8 24. Qc3 Qf8 25. Qe3 Rc8 26. f3 Rxc1+ 27. Qxc1
Nd7 28. Bb5 Nc5 29. g4 f6 30. Kg2 Qd8 31. Qc3 Qb6 32. Bc4 g5 33. b4 axb3 34.
axb3 Nd7 35. Qa1 Qd8 36. Qa7 Qc8 37. Qa4 Ne5 38. Qb5 Kf7 39. Qb4 Kg6 40. Qb6
Kxh6 0-1

[Event "Reykjavik Open 2009"]
[Site "Reykjavik"]
[Date "2009.03.25"]
[Round "2.10"]
[White "Nataf, Igor-Alexandre"]
[Black "Carlhammar, Magnus"]
[Result "1/2-1/2"]
[WhiteElo "2533"]
[BlackElo "2350"]
[PlyCount "57"]
[EventDate "2009.03.24"]

1. e4 e5 2. Nf3 Nc6 3. Bc4 Bc5 4. d3 Nf6 5. Nc3 d6 6. Bg5 h6 7. Bh4 Nd4 8. Nd5
Bg4 9. c3 Nxf3+ 10. gxf3 Bh5 11. d4 g5 12. Bg3 exd4 13. cxd4 Bb6 14. Nxb6 axb6
15. Qb3 d5 16. exd5 O-O 17. Be5 b5 18. Bxb5 Qxd5 19. Bc4 Qxf3 20. Rg1 Nd7 21.
Qxf3 Bxf3 22. Rg3 Nxe5 23. dxe5 g4 24. Be2 Bxe2 25. Kxe2 h5 26. h3 Rfe8 27.
hxg4 Rxe5+ 28. Kf3 hxg4+ 29. Rxg4+ 1/2-1/2

[Event "Reykjavik Open 2009"]
[Site "Reykjavik"]
[Date "2009.03.25"]
[Round "2.11"]
[White "Johannesson, Ingvar Thor"]
[Black "Conquest, Stuart C"]
[Result "0-1"]
[WhiteElo "2345"]
[BlackElo "2531"]
[PlyCount "73"]
[EventDate "2009.03.24"]

1. Nf3 d6 2. g3 e5 3. c4 f5 4. d3 Nf6 5. Nc3 Be7 6. Bg2 O-O 7. O-O Kh8 8. Rb1
a5 9. a3 Qe8 10. b4 axb4 11. axb4 f4 12. e3 fxg3 13. fxg3 Qh5 14. Nh4 Bg4 15.
Bf3 Nbd7 16. h3 Bxf3 17. Qxf3 Qxf3 18. Nxf3 e4 19. dxe4 Nb6 20. Nd2 Nfd7 21.
Nd5 Bg5 22. Rxf8+ Rxf8 23. Rb3 c6 24. Nf4 Ra8 25. c5 Ra1 26. Ne2 dxc5 27. bxc5
Na4 28. Rxb7 Naxc5 29. Rc7 h6 30. Rxc6 Bxe3+ 31. Kg2 Ra2 32. Rd6 Ne5 33. Nc3
Rc2 34. Nd1 Bxd2 35. Rd8+ Kh7 36. Bxd2 Nxe4 37. Nf2 0-1

[Event "Reykjavik Open 2009"]
[Site "Reykjavik"]
[Date "2009.03.25"]
[Round "2.12"]
[White "Vernay, Clovis"]
[Black "Williams, Simon K"]
[Result "1-0"]
[WhiteElo "2339"]
[BlackElo "2507"]
[PlyCount "156"]
[EventDate "2009.03.24"]

1. d4 Nf6 2. c4 c5 3. d5 e5 4. Nc3 d6 5. e4 Nbd7 6. g3 g6 7. Bg2 Bg7 8. Nge2
O-O 9. O-O a6 10. h3 Nh5 11. g4 Nhf6 12. Be3 Ne8 13. Qd2 Rb8 14. a4 Nc7 15. b3
b5 16. a5 Kh8 17. Ng3 Ne8 18. Rfe1 Nef6 19. Bf1 b4 20. Nd1 Ng8 21. Bd3 Ndf6 22.
f3 h5 23. Nf2 h4 24. Ne2 Nh7 25. Ra2 Bf6 26. Kg2 Bg5 27. Bxg5 Nxg5 28. f4 exf4
29. Qxf4 Re8 30. Ng1 Qf6 31. Qxf6+ Nxf6 32. Rae2 Re5 33. Nf3 Nxf3 34. Kxf3 Nd7
35. Bc2 Re7 36. Nd3 Ne5+ 37. Nxe5 Rxe5 38. Ke3 Rb7 39. Rf1 Kg7 40. Ref2 Rbe7
41. Kd2 Rd7 42. Rf6 Ree7 43. R1f2 Rd8 44. R6f4 Rf8 45. Rf6 Rd8 46. e5 dxe5 47.
Ke3 e4 48. R2f4 Rh8 49. d6 Ra7 50. Bxe4 Be6 51. Bd5 Bxd5 52. cxd5 Rb8 53. g5
Rb5 54. Re4 Kf8 55. Rxh4 Kg7 56. Re4 Kf8 57. Kd3 Rxa5 58. Kc4 Rb7 59. Re7 Rxe7
60. dxe7+ Kxe7 61. Rc6 Ra1 62. Kxc5 a5 63. Rb6 Ke8 64. Kd6 Kf8 65. Rb8+ Kg7 66.
Kc5 Rc1+ 67. Kb5 Rd1 68. Rd8 Rd3 69. Kxa5 Rxb3 70. d6 Rxh3 71. Kxb4 Rg3 72. Re8
Rd3 73. Kc5 Rd1 74. Kc6 Rc1+ 75. Kb7 Rb1+ 76. Kc7 Rc1+ 77. Kd8 Rd1 78. d7 f5
1-0

[Event "Reykjavik Open 2009"]
[Site "Reykjavik"]
[Date "2009.03.25"]
[Round "2.13"]
[White "Bhat, Vinay S"]
[Black "Rombaldoni, Axel"]
[Result "1/2-1/2"]
[WhiteElo "2495"]
[BlackElo "2309"]
[PlyCount "70"]
[EventDate "2009.03.24"]

1. c4 e6 2. d4 d5 3. Nc3 c6 4. e3 Bd6 5. Bd3 f5 6. Qc2 Nf6 7. f3 O-O 8. Nge2
dxc4 9. Bxc4 b5 10. Bb3 Kh8 11. e4 fxe4 12. Nxe4 Bb4+ 13. Bd2 Bxd2+ 14. Nxd2
Nd5 15. Qd3 Nb4 16. Qc3 Nd5 17. Qd3 Nb4 18. Qe3 Nd5 19. Qf2 Nd7 20. O-O N7f6
21. Rac1 Ng4 22. Qg3 Nge3 23. Rfe1 Nf5 24. Qe5 Qa5 25. Ne4 Nh4 26. Qd6 Bb7 27.
Nc5 Qd2 28. Nxb7 Nxf3+ 29. gxf3 Qe3+ 30. Kh1 Qxf3+ 31. Kg1 Qe3+ 32. Kh1 Qe4+
33. Kg1 Qe3+ 34. Kh1 Qf3+ 35. Kg1 Qe3+ 1/2-1/2

[Event "Reykjavik Open 2009"]
[Site "Reykjavik"]
[Date "2009.03.25"]
[Round "2.15"]
[White "Danielsen, Henrik"]
[Black "Thorsteinsson, Thorsteinn"]
[Result "1/2-1/2"]
[WhiteElo "2482"]
[BlackElo "2288"]
[PlyCount "46"]
[EventDate "2009.03.24"]

1. d4 d5 2. c4 dxc4 3. Nf3 a6 4. e4 b5 5. Nc3 Bb7 6. Be2 Nf6 7. e5 Nd5 8. e6 f6
9. O-O Nxc3 10. bxc3 Bd5 11. Re1 g6 12. Nh4 Bxe6 13. Bg4 Bd5 14. a4 Nc6 15. Be6
Bxe6 16. Rxe6 Qd5 17. Qg4 Kf7 18. Re3 Bg7 19. Rg3 Qe6 20. Qd1 Rad8 21. axb5
axb5 22. Ra6 Qd5 23. Qg4 Ne5 1/2-1/2

[Event "Reykjavik Open 2009"]
[Site "Reykjavik"]
[Date "2009.03.25"]
[Round "2.18"]
[White "Cohen, Or"]
[Black "Gunnarsson, Jon Viktor"]
[Result "1/2-1/2"]
[WhiteElo "2286"]
[BlackElo "2463"]
[PlyCount "33"]
[EventDate "2009.03.24"]

1. e4 c5 2. Nf3 d6 3. d4 cxd4 4. Qxd4 a6 5. c4 Nc6 6. Qe3 g6 7. h3 Bg7 8. Be2
Nf6 9. O-O O-O 10. Nc3 Nd7 11. Rb1 b6 12. b4 Bb7 13. Rd1 Rc8 14. a3 Nce5 15.
Nd2 Nc6 16. Bb2 e6 17. Na4 1/2-1/2

[Event "Reykjavik Open 2009"]
[Site "Reykjavik"]
[Date "2009.03.25"]
[Round "2.19"]
[White "Shytaj, Luca"]
[Black "Cori T, Deysi"]
[Result "1-0"]
[WhiteElo "2453"]
[BlackElo "2256"]
[PlyCount "105"]
[EventDate "2009.03.24"]

1. e4 e6 2. d3 d5 3. Nd2 Nc6 4. Ngf3 Nf6 5. c3 a5 6. a4 e5 7. Be2 Bc5 8. O-O
O-O 9. Qc2 h6 10. Nb3 Bb6 11. h3 Qe7 12. Re1 Be6 13. Bf1 Nh5 14. Be3 Qf6 15.
Bxb6 cxb6 16. Nbd2 Nf4 17. Kh2 Rac8 18. g3 Ng6 19. Bg2 Rfd8 20. Rad1 Rd7 21.
Qb1 Rcd8 22. Qc2 Rc8 23. Qb1 Rcd8 24. Qc2 dxe4 25. dxe4 Rd3 26. Re3 R3d7 27.
Ree1 Qe7 28. Nf1 Qc5 29. Ne3 b5 30. axb5 Qxb5 31. Bf1 Qb6 32. Nd2 Qc5 33. Nb3
Qb6 34. Rxd7 Rxd7 35. Bc4 a4 36. Nd2 Qc5 37. Bxe6 fxe6 38. Kg2 b5 39. Nf3 Rf7
40. h4 Ra7 41. h5 Nf8 42. Ra1 Nd7 43. Ng4 Nb6 44. Qe2 Nc4 45. Nh4 Nd6 46. Ng6
b4 47. cxb4 Qxb4 48. N4xe5 Nxe5 49. Nxe5 Nxe4 50. Qg4 Qxb2 51. Qxe6+ Kh7 52.
Qf5+ Kg8 53. Rd1 1-0

[Event "Reykjavik Open 2009"]
[Site "Reykjavik"]
[Date "2009.03.25"]
[Round "2.20"]
[White "Edvardsson, Kristjan"]
[Black "Vocaturo, Daniele"]
[Result "0-1"]
[WhiteElo "2253"]
[BlackElo "2445"]
[PlyCount "84"]
[EventDate "2009.03.24"]

1. e4 c5 2. Nf3 d6 3. d4 cxd4 4. Nxd4 Nf6 5. Nc3 a6 6. Be3 e5 7. Nb3 Be6 8. Qd2
Nbd7 9. f3 b5 10. g4 Nb6 11. g5 Nfd7 12. Nd5 Rc8 13. Na5 Nxd5 14. exd5 Bxd5 15.
Qxd5 Qxa5+ 16. c3 Be7 17. Bh3 Qc7 18. O-O O-O 19. f4 Nb6 20. Qg2 Rcd8 21. Rae1
Rfe8 22. fxe5 dxe5 23. Qf2 Nc4 24. Qxf7+ Kh8 25. Kh1 Rf8 26. Qh5 Nxe3 27. Rxe3
Qc6+ 28. Rff3 Bc5 29. g6 Rd1+ 30. Kg2 Qxf3+ 31. Qxf3 Rg1+ 32. Kf2 Rxf3+ 33.
Kxf3 Bxe3 34. Kxe3 Rxg6 35. Ke4 Rh6 36. Bc8 Rxh2 37. Bxa6 Rxb2 38. Kxe5 h5 39.
Kf5 Kh7 40. Kg5 g6 41. Bb7 Rxa2 42. Bc6 Ra5 0-1

[Event "Reykjavik Open 2009"]
[Site "Reykjavik"]
[Date "2009.03.25"]
[Round "2.21"]
[White "Thorhallsson, Throstur"]
[Black "Sofrigin, Alexej"]
[Result "1-0"]
[WhiteElo "2442"]
[BlackElo "2252"]
[PlyCount "69"]
[EventDate "2009.03.24"]

1. e4 c5 2. Nf3 Nc6 3. d4 cxd4 4. Nxd4 Nf6 5. Nc3 e5 6. Ndb5 d6 7. Bg5 a6 8.
Na3 b5 9. Nd5 Be7 10. Bxf6 Bxf6 11. c4 b4 12. Nc2 Rb8 13. b3 O-O 14. Be2 a5 15.
O-O Bg5 16. Bg4 Be6 17. h3 g6 18. Qd3 f5 19. Bf3 Qd7 20. Rad1 Kg7 21. Qe2 Rfd8
22. Rd3 Qa7 23. Rfd1 Rbc8 24. Nde3 Qc5 25. exf5 gxf5 26. Bd5 Bxe3 27. Bxe6 Bd4
28. Bxc8 Rxc8 29. Nxd4 Nxd4 30. Rxd4 exd4 31. Qe7+ Kg8 32. Qe6+ Kh8 33. Qf6+
Kg8 34. Rd3 f4 35. Qxf4 1-0

[Event "Reykjavik Open 2009"]
[Site "Reykjavik"]
[Date "2009.03.25"]
[Round "2.22"]
[White "Halldorsson, Jon Arni"]
[Black "Siebrecht, Sebastian"]
[Result "1/2-1/2"]
[WhiteElo "2162"]
[BlackElo "2440"]
[PlyCount "161"]
[EventDate "2009.03.24"]

1. d4 g6 2. Nf3 Bg7 3. e4 d6 4. Bd3 Nf6 5. O-O O-O 6. Re1 Nc6 7. c3 e5 8. dxe5
dxe5 9. Na3 h6 10. Nc4 Nh5 11. Bf1 Bd7 12. a4 a5 13. Be3 Kh7 14. Bc5 Rg8 15.
Ne3 Nf4 16. Bc4 Qe8 17. Nd5 Ne6 18. Ba3 Rd8 19. Qb3 Bc8 20. Rad1 Rd7 21. Ne3
Ncd8 22. Bb5 c6 23. Bc4 Nf4 24. Qb6 Nde6 25. Qxa5 f6 26. Rxd7 Bxd7 27. Qb4 b5
28. axb5 cxb5 29. Bf1 Bf8 30. Qb3 Nc5 31. Qc2 Qa8 32. Nd2 Bc6 33. f3 Qa7 34.
Kh1 Qb6 35. Nb3 Nce6 36. Bxf8 Rxf8 37. Ng4 h5 38. Qf2 Qc7 39. Ne3 Ng5 40. Nc2
Rd8 41. Nb4 Be8 42. Ra1 Kh6 43. h4 Nf7 44. g3 Ne6 45. Nd5 Qd6 46. Nxf6 Bc6 47.
g4 hxg4 48. Nxg4+ Kg7 49. Be2 Rh8 50. Ra7 Nf4 51. Bf1 Bd7 52. Qd2 Rxh4+ 53. Nh2
Qxd2 54. Nxd2 Bh3 55. Bxb5 Bg2+ 56. Kg1 Kf8 57. Bf1 Bxf1 58. Nhxf1 Ng5 59. Kf2
Nd3+ 60. Ke2 Nf4+ 61. Kd1 Rh1 62. Kc2 Nxf3 63. Nxf3 Rxf1 64. Nxe5 Rf2+ 65. Kb3
g5 66. c4 Re2 67. Rf7+ Ke8 68. Rf5 Ne6 69. Kc3 Rxe4 70. Nd3 g4 71. Re5 Rxe5 72.
Nxe5 g3 73. Nf3 g2 74. b4 Kd7 75. c5 Kc7 76. Kc4 Kc6 77. b5+ Kc7 78. Ng1 Nf4
79. Kd4 Ne6+ 80. Kd5 Nf4+ 81. Ke5 1/2-1/2

[Event "Reykjavik Open 2009"]
[Site "Reykjavik"]
[Date "2009.03.25"]
[Round "2.23"]
[White "Tratatovici, Dan"]
[Black "Ris, Robert"]
[Result "0-1"]
[WhiteElo "2122"]
[BlackElo "2436"]
[PlyCount "78"]
[EventDate "2009.03.24"]

1. e4 c5 2. Nf3 d6 3. d4 cxd4 4. Nxd4 Nf6 5. Nc3 a6 6. Be2 e6 7. f4 Nc6 8. Be3
Qc7 9. O-O Be7 10. Kh1 O-O 11. g4 Nxd4 12. Bxd4 b5 13. g5 Nd7 14. Bd3 Bb7 15.
Qh5 e5 16. Nd5 Qd8 17. Rf3 exd4 18. Rh3 h6 19. Rg1 Kh8 20. f5 Bxd5 21. exd5
Bxg5 22. Rxg5 Qf6 23. Rhg3 Rg8 24. R5g4 Rae8 25. Qh4 Re5 26. Qxf6 Nxf6 27. Rxd4
Rc8 28. c4 bxc4 29. Rxc4 Rb8 30. b3 Rxd5 31. Rc7 Rf8 32. Rf3 a5 33. a3 Ng4 34.
Bc2 Rd2 35. h3 Re8 36. Rf1 Ree2 37. Rc1 Rh2+ 38. Kg1 Rdg2+ 39. Kf1 Ne3+ 0-1

[Event "Reykjavik Open 2009"]
[Site "Reykjavik"]
[Date "2009.03.25"]
[Round "2.25"]
[White "Thorgeirsson, Sverrir"]
[Black "Lund, Esben"]
[Result "1/2-1/2"]
[WhiteElo "2094"]
[BlackElo "2421"]
[PlyCount "74"]
[EventDate "2009.03.24"]

1. e4 e5 2. Nf3 Nc6 3. Bb5 Nf6 4. O-O Nxe4 5. Re1 Nd6 6. Nxe5 Be7 7. Bf1 Nf5 8.
Nc3 Nxe5 9. Rxe5 d6 10. Re1 d5 11. d4 c6 12. Ne2 O-O 13. c3 Nh4 14. Bf4 g5 15.
Bd2 Bg4 16. Qb3 Qd7 17. Nc1 Rae8 18. Nd3 f6 19. Nc5 Bxc5 20. dxc5 Bf3 21. c4
dxc4 22. Qxc4+ Bd5 23. Qd3 Qg4 24. Qg3 Qxg3 25. hxg3 Ng6 26. a3 Kf7 27. Bc3 Ne5
28. f3 Nd7 29. b4 h6 30. Kf2 Rxe1 31. Rxe1 Re8 32. Rxe8 Kxe8 33. f4 Ke7 34. Bd3
Ke6 35. Bd2 Ke7 36. g4 Ke6 37. g3 Ke7 1/2-1/2

[Event "Reykjavik Open 2009"]
[Site "Reykjavik"]
[Date "2009.03.25"]
[Round "2.26"]
[White "Gupta, Abhijeet"]
[Black "Zak, Uri"]
[Result "1-0"]
[WhiteElo "2569"]
[BlackElo "2198"]
[PlyCount "45"]
[EventDate "2009.03.24"]

1. d4 Nf6 2. c4 g6 3. Nc3 d5 4. Bg5 Ne4 5. Bh4 Nxc3 6. bxc3 dxc4 7. e3 Qd5 8.
Nf3 Nd7 9. Be2 Nb6 10. O-O Bg7 11. Nd2 Qa5 12. Nxc4 Qa4 13. Qxa4+ Nxa4 14. Rfc1
Be6 15. Na5 Rb8 16. Bf3 b5 17. Rab1 Bxa2 18. Bc6+ Kf8 19. Rxb5 Rxb5 20. Bxb5
Nb6 21. c4 e5 22. Ra1 Bxc4 23. Nxc4 1-0